| LEADER 00000nama 2200000uu 4500 |
| 001 201417 |
| 003 ULIBM |
| 008 040531s|||| th m m a000 0 tha d |
| 020 978-1-4160-5896-0
|
| 041 eng
|
| 050 WY157.3 M4253 2009
|
| 100 Mckinney Slone,Emily...[et al].
|
| 245 Maternal - Child nursing/Emily Slone Mckinney...[et al].
|
| 246 0 ^aโครงการผลิตพยาบาลชุมชนฯ ครั้งที่1/2553.
|
| 246 0 ^aตำราการพยาบาลเด็ก
|
| 250 ^a3 rd th.
|
| 260 Canada. Saunders Elsevier. 2009.
|
| 300 ^a1,655 p.
|
| 500 ^aมี CD ประกอบ.
|
| 500 ^aโครงการผลิตพยาบาลชุมชนฯ ครั้งที่1/2553.
|
| 600 I.Mckinney,Emily Slone.
|
| 650 4 ^aMaternal - Child Nursing--methods
|
| 650 4 ^aPeadiatric Nursing--methods
|
| 650 4 ^aPediatric nursing.
|
| 650 4 ^aตำราการพยาบาลเด็ก
|
| 995 001
|
| 999 ^aใช้งานได้ทุกระบบ
|